| 000 | 01019nam a2200289 a 4500 | ||
|---|---|---|---|
| 001 | BRCA_7932 | ||
| 005 | 20190320210046.0 | ||
| 008 | 070314s1964----enka###f##---#000-0#eng-# | ||
| 041 | _aeng | ||
| 044 | _aenk | ||
| 050 | 4 |
_aNK2980 _b.P54 _c1964 |
|
| 100 | 1 |
_aDubon, David _919630 |
|
| 245 | 1 | 0 |
_aTapestries from the Samuel H. Kress collection at the Philadelphia Museum of Art _bthe history of Constantine the Great designed by Peter Paul Rubens and Pietro da Cartona _cby David Dubon. |
| 260 |
_aLondres _bPhaidon _c1964 |
||
| 300 |
_a152 p. _bil. (algunas a color), 76 láminas _c30 cm. |
||
| 500 | _a3012 | ||
| 504 | _aBibliografía p.147-148 | ||
| 600 | 1 | 4 |
_aKress, Samuel H. _919631 |
| 650 | 1 | 4 |
_aTapices _vExposiciones _911997 |
| 650 | 1 | 4 |
_aTapices _vColeccionistas y colecciones _919632 |
| 650 | 1 | 4 |
_aGalerías y museos _zEstados Unidos _97437 |
| 700 | 1 |
_aRubens, Peter Paul _910270 |
|
| 700 | 1 |
_aDa Cortona, Pietro _919633 |
|
| 710 | 2 |
_aPhiladelphia Museum of Art _919634 |
|
| 902 | _aGFM | ||
| 942 |
_2lcc _cB |
||
| 999 |
_c7602 _d7602 |
||